000 00674cab a2200265 4500
001 A345
008 090401t1992 xxu||||| |||| 00| 0 eng d
035 _a(Sirsi) u28589
041 _aeng
100 _aBarlow, Philip M.
245 _aPitfalls in underwriting commercial real estate
260 _c1992
350 _a0
490 _aAppraisal Journal
_v60(1) January 1992, 38-43(6)
650 _aFIRREA
650 _aLENDING
650 _aLOAN UNDERWRITING
650 _aPROPERTY FINANCE
650 _aUNDERWRITING
650 _aUNITED STATES
650 _aVALUATION PROCESS
690 _aPROPERTY-COMMERCIAL PROPERTY
942 _n0
948 _c04/03/1997
999 _c19225
_d19225